[Event "LTU-ch (Women)"]
[Site "Vilnius"]
[Date "2019.03.20"]
[Round "6"]
[White "Simkunaite, Gabija"]
[Black "Kalvyte, Vesta"]
[Result "1-0"]
[WhiteElo "1820"]
[BlackElo "2037"]
[PlyCount "105"]
[EventDate "2019.03.15"]
[EventType "swiss"]
[EventRounds "7"]
[EventCountry "LTU"]
[SourceTitle "CBM 189 Extra"]
[Source "ChessBase"]
[SourceDate "2019.06.03"]
[SourceVersion "1"]
[SourceVersionDate "2019.06.03"]
[SourceQuality "1"]

1. e4 d6 2. d4 Nf6 3. Nc3 c6 4. Nf3 Bg4 5. Be2 e6 6. Bf4 Be7 7. h3 Bh5 8. g4 Bg6 9. Bd3 d5 10. e5 Ne4 11. Bxe4 dxe4 12. Ng1 Qb6 13. Nge2 Na6 14. 0-0 0-0-0 15. Rb1 h5 16. g5 h4 17. b4 Qc7 18. a3 Qd7 19. Qc1 Nc7 20. Qe3 Nd5 21. Nxd5 cxd5 22. Rfc1 Kb8 23. c4 Ka8 24. cxd5 exd5 25. Rc3 Rc8 26. Rbc1 Bh5 27. Rxc8+ Rxc8 28. Rxc8+ Qxc8 29. Nc3 Bf3 30. Kh2 Qc4 31. Kg1 a6 32. Qd2 f6 33. exf6 gxf6 34. g6 Bf8 35. Bh2 Qc6 36. Qf4 Qe8 37. Kf1 Bg7 38. Nxd5 Ka7 39. a4 Qc8 40. Qc7 Qxc7 41. Nxc7 f5 42. Ne6 Bh5 43. Nxg7 Bxg6 44. Ke2 Kb6 45. Ke3 Kc6 46. Bb8 Kd5 47. Ba7 Kc6 48. a5 Kd5 49. Kf4 Kc4 50. Nxf5 Kd3 51. Nxh4 Bf7 52. Nf5 Bd5 53. h4 1-0

[Event "LTU-ch (Women)"]
[Site "Vilnius"]
[Date "2019.03.16"]
[Round "2"]
[White "Butvilaite, Berta Reja"]
[Black "Kalvyte, Vesta"]
[Result "0-1"]
[WhiteElo "1809"]
[BlackElo "2037"]
[PlyCount "88"]
[EventDate "2019.03.15"]
[EventType "swiss"]
[EventRounds "7"]
[EventCountry "LTU"]
[SourceTitle "CBM 189 Extra"]
[Source "ChessBase"]
[SourceDate "2019.06.03"]
[SourceVersion "1"]
[SourceVersionDate "2019.06.03"]
[SourceQuality "1"]

1. e4 d6 2. d4 Nf6 3. Nc3 c6 4. Bg5 Nbd7 5. Nf3 e5 6. Bc4 Be7 7. dxe5 dxe5 8. Qd2 b5 9. Bxf6 Bxf6 10. Nxb5 cxb5 11. Bxf7+ Kf8 12. 0-0-0 Qe7 13. Bd5 Rb8 14. g4 h6 15. h4 g6 16. g5 Bg7 17. Bc6 Nc5 18. Qd8+ Qxd8 19. Rxd8+ Ke7 20. Rxh8 Bxh8 21. gxh6 Bb7 22. Bxb7 Rxb7 23. Ng5 Ne6 24. Rg1 Nf4 25. Kd2 Rb8 26. Rg3 Rd8+ 27. Ke3 Bf6 28. a3 Rh8 29. h7 Bxg5 30. hxg5 Rxh7 31. Kd2 Rh3 32. Rg4 Ne6 33. c3 Rh5 34. Rg3 Rxg5 35. Rh3 Rh5 36. Rd3 Nf4 37. Rg3 Kf6 38. Kc2 Rh3 39. Rg1 Rh2 40. Rf1 Nh3 41. Kb3 Rxf2 42. Rd1 g5 43. Rd3 g4 44. Rg3 Kg5 0-1

[Event "LTU-ch (Women)"]
[Site "Vilnius"]
[Date "2019.03.15"]
[Round "1"]
[White "Kalvyte, Vesta"]
[Black "Fokaite, Gabriele"]
[Result "1-0"]
[WhiteElo "2037"]
[BlackElo "1549"]
[PlyCount "71"]
[EventDate "2019.03.15"]
[EventType "swiss"]
[EventRounds "7"]
[EventCountry "LTU"]
[SourceTitle "CBM 189 Extra"]
[Source "ChessBase"]
[SourceDate "2019.06.03"]
[SourceVersion "1"]
[SourceVersionDate "2019.06.03"]
[SourceQuality "1"]

1. e4 c5 2. Nf3 Nc6 3. d4 cxd4 4. Nxd4 e6 5. Nc3 Nf6 6. Nxc6 bxc6 7. e5 Nd5 8. Ne4 Be7 9. Be2 0-0 10. 0-0 Bb7 11. c4 Nb6 12. Be3 Qc7 13. Bc5 Bxc5 14. Nxc5 Rad8 15. Qd6 Qc8 16. a4 a5 17. Qd2 Qa8 18. Nxb7 Qxb7 19. Qxa5 Ra8 20. Qb4 Qc7 21. a5 Nc8 22. Qc5 d5 23. exd6 Nxd6 24. Bf3 Rfc8 25. a6 Ra7 26. Rfd1 Nf5 27. b4 Nh4 28. Bxc6 h6 29. b5 Raa8 30. Qh5 Ng6 31. Rd7 Qf4 32. Bxa8 Rxa8 33. Qf3 Qxf3 34. gxf3 Ne5 35. Rb7 Nxc4 36. a7 1-0

[Event "LTU-chT (Women)"]
[Site "Lithuania"]
[Date "2013.02.10"]
[Round "5"]
[White "Kalvyte, Vesta"]
[Black "Juknaite, Aneta"]
[Result "1-0"]
[WhiteElo "2089"]
[BlackElo "1657"]
[PlyCount "81"]
[EventDate "2013.01.19"]
[EventType "team-tourn"]
[EventRounds "7"]
[EventCountry "LTU"]
[SourceTitle "CBM 152 Extra"]
[Source "ChessBase"]
[SourceDate "2013.02.25"]
[SourceVersion "1"]
[SourceVersionDate "2013.02.25"]
[SourceQuality "1"]

1. e4 e5 2. Nf3 Nc6 3. Bb5 a6 4. Ba4 Nf6 5. 0-0 b5 6. Bb3 Be7 7. c3 d6 8. Qe2 Na5 9. Bc2 c5 10. Rd1 Bg4 11. d3 0-0 12. Nbd2 Re8 13. Nf1 Bf8 14. h3 Bh5 15. Bg5 Nc6 16. a3 b4 17. Ba4 Qb6 18. g4 Bg6 19. Ne3 bxc3 20. Bxf6 gxf6 21. Nd5 Qxb2 22. Qxb2 cxb2 23. Rab1 Rec8 24. Nb6 Rab8 25. Nxc8 Rxc8 26. Rxb2 Ne7 27. Bb3 Rd8 28. Nh4 d5 29. Nxg6 fxg6 30. Rc1 Kg7 31. Bxd5 Nxd5 32. exd5 Rxd5 33. Rb7+ Kh6 34. Rc3 Rd4 35. Rb6 Ra4 36. Rxf6 Bg7 37. Rf7 g5 38. Rxc5 Kg6 39. Rf5 Rf4 40. Rc6+ Bf6 41. Rcxf6+ 1-0

[Event "LTU-chT (Women)"]
[Site "Lithuania"]
[Date "2013.01.20"]
[Round "2"]
[White "Ditmonaite, Viktorija"]
[Black "Kalvyte, Vesta"]
[Result "0-1"]
[WhiteElo "1880"]
[BlackElo "2089"]
[PlyCount "88"]
[EventDate "2013.01.19"]
[EventType "team-tourn"]
[EventRounds "7"]
[EventCountry "LTU"]
[SourceTitle "CBM 152 Extra"]
[Source "ChessBase"]
[SourceDate "2013.02.25"]
[SourceVersion "1"]
[SourceVersionDate "2013.02.25"]
[SourceQuality "1"]

1. d4 Nf6 2. Nf3 g6 3. c4 Bg7 4. Nc3 d5 5. e3 0-0 6. Be2 c5 7. dxc5 Qa5 8. 0-0 dxc4 9. Bxc4 Qxc5 10. Qd4 Nbd7 11. Qxc5 Nxc5 12. Nb5 Be6 13. Bxe6 Nxe6 14. Nbd4 Nxd4 15. Nxd4 Rfc8 16. Bd2 Ne4 17. Bb4 e5 18. Nb5 Rc4 19. Ba3 a6 20. Nd6 Nxd6 21. Bxd6 e4 22. Ba3 Rd8 23. Rac1 Rxc1 24. Rxc1 Be5 25. Kf1 f5 26. Ke2 Kf7 27. b3 Ke6 28. h3 Rd5 29. Bb4 Rb5 30. Rc4 Rxb4 31. Rxb4 b5 32. f3 Bc3 33. a3 Kd5 34. fxe4+ fxe4 35. g4 Bxb4 36. axb4 Ke5 37. Kd2 h5 38. gxh5 gxh5 39. Kc3 Kd5 40. Kd2 Kd6 41. Kc3 Ke5 42. h4 Kd5 43. Kd2 Ke6 44. Ke2 Kf5 0-1

[Event "LTU-chT (Women)"]
[Site "Lithuania"]
[Date "2012.02.11"]
[Round "3"]
[White "Urbonaviciute, Zivile"]
[Black "Kalvyte, Vesta"]
[Result "1-0"]
[WhiteElo "1745"]
[BlackElo "2087"]
[PlyCount "77"]
[EventDate "2012.01.21"]
[EventType "team-tourn"]
[EventRounds "5"]
[EventCountry "LTU"]
[SourceTitle "EXT 2013"]
[Source "ChessBase"]
[SourceDate "2012.11.22"]
[SourceVersion "1"]
[SourceVersionDate "2012.11.22"]
[SourceQuality "1"]

1. e4 c5 2. Nf3 Nc6 3. d4 cxd4 4. Nxd4 Qb6 5. Nb3 Nf6 6. Nc3 e6 7. Be3 Qc7 8. a3 a6 9. Be2 Be7 10. 0-0 b5 11. f4 d6 12. Bf3 Bb7 13. Kh1 0-0 14. Qe1 Rac8 15. h3 Nd7 16. Qf2 Na5 17. Nxa5 Qxa5 18. g4 b4 19. axb4 Qxb4 20. Rab1 Nf6 21. Qg2 Rc4 22. Bd2 Qb6 23. g5 Nd7 24. h4 f6 25. Rg1 Kh8 26. h5 fxg5 27. fxg5 Ne5 28. Rgf1 Rcc8 29. Be2 Qd4 30. Bf4 Nc4 31. Rbd1 Qc5 32. Na4 Qa5 33. b3 Ne5 34. c4 Qb4 35. Rb1 Bc6 36. g6 Rxf4 37. Rxf4 Bxa4 38. gxh7 Kxh7 39. Rg1 1-0

[Event "LTU-chT (Women)"]
[Site "Lithuania"]
[Date "2012.01.21"]
[Round "1"]
[White "Kalvyte, Vesta"]
[Black "Juknaite, Aneta"]
[Result "1-0"]
[WhiteElo "2087"]
[BlackElo "1655"]
[PlyCount "73"]
[EventDate "2012.01.21"]
[EventType "team-tourn"]
[EventRounds "5"]
[EventCountry "LTU"]
[SourceTitle "EXT 2013"]
[Source "ChessBase"]
[SourceDate "2012.11.22"]
[SourceVersion "1"]
[SourceVersionDate "2012.11.22"]
[SourceQuality "1"]

1. e4 e5 2. Nf3 Nf6 3. Nxe5 d6 4. Nf3 Nxe4 5. Nc3 Nxc3 6. dxc3 Be7 7. Be3 Bf6 8. Qd2 Nc6 9. 0-0-0 Be6 10. Ng5 Bf5 11. Re1 0-0 12. h3 Re8 13. f4 Bxg5 14. fxg5 Re5 15. Bc4 Qd7 16. Rhf1 Bg6 17. Bf4 Rxe1+ 18. Rxe1 Re8 19. Bd5 Kf8 20. g4 Na5 21. b3 Qb5 22. c4 Rxe1+ 23. Qxe1 Qc5 24. Kb1 Qb6 25. Be3 c5 26. Qc3 Nc6 27. h4 Nb4 28. Kb2 Qa5 29. a3 Nd3+ 30. cxd3 Qxc3+ 31. Kxc3 f6 32. gxf6 gxf6 33. Bf4 Ke7 34. h5 Be8 35. Be4 Bd7 36. Bxh7 Bxg4 37. h6 1-0

[Event "LTU-ch (Women)"]
[Site "Nemencine"]
[Date "2011.04.27"]
[Round "5"]
[White "Kalvyte, Vesta"]
[Black "Malisauskiene, Marina"]
[Result "1-0"]
[WhiteElo "2099"]
[BlackElo "2070"]
[PlyCount "73"]
[EventDate "2011.04.25"]
[EventType "swiss"]
[EventRounds "9"]
[EventCountry "LTU"]
[SourceTitle "CBM 142 Extra"]
[Source "ChessBase"]
[SourceDate "2011.06.27"]
[SourceVersion "1"]
[SourceVersionDate "2011.06.27"]
[SourceQuality "1"]

1. e4 e6 2. d4 d5 3. Nc3 dxe4 4. Nxe4 Bd7 5. Bd3 Bc6 6. Nf3 Nd7 7. Qe2 Be7 8. Ne5 Bxe4 9. Qxe4 c6 10. Bd2 Ngf6 11. Qe2 Qb6 12. c3 Qxb2 13. Rb1 Qxa2 14. Rxb7 Rb8 15. Rxb8+ Nxb8 16. 0-0 0-0 17. Rb1 a5 18. Nc4 Nbd7 19. Qd1 Rb8 20. Ra1 Qb3 21. Qxb3 Rxb3 22. Nxa5 Rb6 23. Nc4 Rb8 24. Bf4 Rb3 25. Ra8+ Nf8 26. Bd2 c5 27. dxc5 Bxc5 28. Kf1 Rb7 29. Ne5 N6d7 30. Be4 Ra7 31. Nxd7 Rxd7 32. Bf4 f6 33. Ke2 Ra7 34. Rc8 Ra2+ 35. Kd3 Rxf2 36. Bg3 Bb6 37. Bd6 1-0

[Event "LTU-chT 1011"]
[Site "Lithuania"]
[Date "2011.02.26"]
[Round "8"]
[White "Sumskis, Rimvydas"]
[Black "Kalvyte, Vesta"]
[Result "1/2-1/2"]
[WhiteElo "2188"]
[BlackElo "2097"]
[PlyCount "47"]
[EventDate "2010.11.06"]
[EventType "team-tourn"]
[EventRounds "9"]
[EventCountry "LTU"]
[SourceTitle "EXT 2012"]
[Source "ChessBase"]
[SourceDate "2011.11.24"]
[SourceVersion "1"]
[SourceVersionDate "2011.11.24"]
[SourceQuality "1"]

1. e4 c5 2. Nc3 Nc6 3. Nf3 g6 4. Bc4 Bg7 5. d3 e6 6. Be3 Nd4 7. Qd2 Ne7 8. Bxd4 cxd4 9. Ne2 Qb6 10. 0-0 0-0 11. a4 a5 12. Qg5 Re8 13. Qb5 Qxb5 14. Bxb5 Nc6 15. Bxc6 dxc6 16. Nexd4 Rd8 17. c3 e5 18. Nb3 b6 19. Rfd1 Be6 20. c4 f6 21. Kf1 Rd7 22. Ke2 Rad8 23. h3 Bf8 24. Ne1 1/2-1/2

[Event "LTU-chT 1011"]
[Site "Lithuania"]
[Date "2010.11.20"]
[Round "4"]
[White "Rutkus, Marius"]
[Black "Kalvyte, Vesta"]
[Result "1/2-1/2"]
[WhiteElo "1866"]
[BlackElo "2097"]
[PlyCount "104"]
[EventDate "2010.11.06"]
[EventType "team-tourn"]
[EventRounds "9"]
[EventCountry "LTU"]
[SourceTitle "EXT 2012"]
[Source "ChessBase"]
[SourceDate "2011.11.24"]
[SourceVersion "1"]
[SourceVersionDate "2011.11.24"]
[SourceQuality "1"]

1. Nf3 Nf6 2. g3 g6 3. Bg2 Bg7 4. d4 d5 5. 0-0 0-0 6. Nc3 c6 7. Bg5 h6 8. Bf4 Nbd7 9. Qd2 Kh7 10. Qd3 Nb6 11. Ne5 Bf5 12. e4 dxe4 13. Nxe4 Nxe4 14. Bxe4 Bxe4 15. Qxe4 Qd5 16. Qxd5 Nxd5 17. Bd2 c5 18. c3 Rad8 19. Rfe1 cxd4 20. cxd4 Kg8 21. Rac1 Rc8 22. Rc5 e6 23. Rec1 Rxc5 24. Rxc5 Rd8 25. Kg2 Nb6 26. Bc3 Na4 27. Rc7 Nxc3 28. bxc3 Bxe5 29. dxe5 Rd2 30. Rxb7 Rxa2 31. c4 Kg7 32. Rb1 Rc2 33. Rb4 Re2 34. Rb5 Rc2 35. Rc5 g5 36. Rc7 a5 37. c5 a4 38. c6 a3 39. Ra7 a2 40. c7 Kg6 41. Rxa2 Rxc7 42. Re2 Kf5 43. f3 h5 44. h3 Rc5 45. g4+ Kg6 46. Kg3 h4+ 47. Kg2 Kg7 48. Kf2 Rc1 49. Kg2 Kf8 50. Kf2 Ke7 51. Kg2 Rd1 52. Kf2 Ke8 1/2-1/2

[Event "LTU-ch (Women)"]
[Site "Nemencine"]
[Date "2010.04.28"]
[Round "6"]
[White "Batkovskyte, Dominyka"]
[Black "Kalvyte, Vesta"]
[Result "0-1"]
[WhiteElo "1980"]
[BlackElo "2052"]
[PlyCount "86"]
[EventDate "2010.04.25"]
[EventType "swiss"]
[EventRounds "9"]
[EventCountry "LTU"]
[SourceTitle "CBM 136 Extra"]
[Source "ChessBase"]
[SourceDate "2010.07.02"]
[SourceVersion "2"]
[SourceVersionDate "2010.07.15"]
[SourceQuality "1"]

1. d4 Nf6 2. c4 g6 3. Nc3 d5 4. cxd5 Nxd5 5. Bd2 Bg7 6. e4 Nb6 7. Be3 0-0 8. Be2 Nc6 9. Nf3 Bg4 10. d5 Bxf3 11. gxf3 Na5 12. Bd4 Qd6 13. Bxg7 Kxg7 14. Qd2 Qf6 15. 0-0-0 c6 16. Qd4 Qxd4 17. Rxd4 cxd5 18. Nxd5 Nc6 19. Rd2 Nxd5 20. Rxd5 Rac8 21. Kb1 e5 22. Bb5 Nd4 23. f4 f6 24. Rc1 Rxc1+ 25. Kxc1 Nxb5 26. Rxb5 b6 27. fxe5 fxe5 28. Rxe5 Rxf2 29. Re7+ Rf7 30. Re8 Rf1+ 31. Kd2 Rf2+ 32. Kc3 Rxh2 33. Re7+ Kf6 34. Rxa7 g5 35. Ra6 g4 36. Rxb6+ Ke5 37. Rb8 g3 38. Rb5+ Kxe4 39. Rg5 g2 40. b4 Kf4 41. Rg7 Rh3+ 42. Kd4 Rg3 43. Rf7+ Kg4 0-1

[Event "Pobeskydy ArcelorMittal op 21st"]
[Site "Frydek Mistek"]
[Date "2010.04.04"]
[Round "7"]
[White "Kalvyte, Vesta"]
[Black "Horak, Jiri"]
[Result "0-1"]
[WhiteElo "2052"]
[BlackElo "2236"]
[PlyCount "101"]
[EventDate "2010.04.01"]
[EventType "swiss"]
[EventRounds "9"]
[EventCountry "CZE"]
[SourceTitle "CBM 135 Extra"]
[Source "ChessBase"]
[SourceDate "2010.05.04"]
[SourceVersion "1"]
[SourceVersionDate "2010.05.04"]
[SourceQuality "1"]

1. e4 e5 2. Nf3 Nc6 3. d4 exd4 4. Nxd4 Nf6 5. Nxc6 bxc6 6. e5 Qe7 7. Qe2 Nd5 8. c4 Nb6 9. Nc3 d6 10. exd6 cxd6 11. Bg5 Qxe2+ 12. Bxe2 Be6 13. Bf3 Rc8 14. c5 dxc5 15. 0-0-0 Be7 16. Bxe7 Kxe7 17. Rhe1 Rhd8 18. Rxd8 Kxd8 19. Re5 Nd7 20. Re3 Kc7 21. Ne4 Bxa2 22. Ra3 Be6 23. Rxa7+ Kb6 24. Ra3 Ne5 25. Be2 c4 26. f4 Nd3+ 27. Bxd3 cxd3 28. Rxd3 Bd5 29. Nd6 Ra8 30. Nf5 Ra1+ 31. Kd2 Rb1 32. Ne3 Rxb2+ 33. Kc1 Rb5 34. Nxd5+ Rxd5 35. Rb3+ Kc7 36. Rh3 h6 37. Rg3 g6 38. Rf3 Kd6 39. Ra3 Rf5 40. g3 g5 41. fxg5 hxg5 42. Kd1 c5 43. Ke2 g4 44. Ra4 Re5+ 45. Kd2 f5 46. h3 gxh3 47. Rh4 Re4 48. Rxh3 Rg4 49. Rh6+ Ke5 50. Rc6 Kd5 51. Rf6 0-1

[Event "Pobeskydy ArcelorMittal op 21st"]
[Site "Frydek Mistek"]
[Date "2010.04.01"]
[Round "2"]
[White "Kalvyte, Vesta"]
[Black "Jozefek, Michal"]
[Result "1-0"]
[WhiteElo "2052"]
[BlackElo "1887"]
[PlyCount "59"]
[EventDate "2010.04.01"]
[EventType "swiss"]
[EventRounds "9"]
[EventCountry "CZE"]
[SourceTitle "CBM 135 Extra"]
[Source "ChessBase"]
[SourceDate "2010.05.04"]
[SourceVersion "1"]
[SourceVersionDate "2010.05.04"]
[SourceQuality "1"]

1. e4 c5 2. Nf3 d6 3. d4 cxd4 4. Nxd4 Nf6 5. Nc3 Nc6 6. f3 e6 7. Be3 Be7 8. Qd2 Bd7 9. Ndb5 d5 10. exd5 exd5 11. Nxd5 Nxd5 12. Qxd5 Nb4 13. Qd2 0-0 14. Nd4 Nd5 15. 0-0-0 Nxe3 16. Qxe3 Re8 17. Qd2 Qb6 18. Bc4 Rac8 19. Bb3 Bf6 20. g4 a5 21. g5 Be5 22. f4 Bg4 23. fxe5 Bxd1 24. Rxd1 Rxe5 25. Bxf7+ Kh8 26. Qf4 Rec5 27. Be6 Qc7 28. Qxc7 R8xc7 29. Rf1 g6 30. Rf8+ 1-0

[Event "LTU-ch (Women)"]
[Site "Vilnius"]
[Date "2009.05.02"]
[Round "7"]
[White "Batyte, Daiva"]
[Black "Kalvyte, Vesta"]
[Result "0-1"]
[WhiteElo "2142"]
[BlackElo "2043"]
[PlyCount "172"]
[EventDate "2009.05.02"]
[EventType "tourn"]
[EventRounds "9"]
[EventCountry "LTU"]
[SourceTitle "EXT 2024"]
[Source "ChessBase"]
[SourceDate "2023.10.10"]
[SourceVersion "1"]
[SourceVersionDate "2023.10.10"]
[SourceQuality "1"]

1. e4 c5 2. Nf3 e6 3. d4 cxd4 4. Nxd4 Nc6 5. Nc3 a6 6. a4 Qc7 7. g3 Nf6 8. Bg2 Bc5 9. Nb3 Be7 10. 0-0 d6 11. a5 Ne5 12. Re1 Nc4 13. Qe2 Nd7 14. f4 0-0 15. Bf1 b5 16. axb6 Ndxb6 17. Nd2 Nxd2 18. Bxd2 Bf6 19. Be3 Bb7 20. Na4 Nd7 21. Bf2 Rfc8 22. c3 Bc6 23. Qd2 Bb5 24. Bg2 Rab8 25. Red1 Bxa4 26. Rxa4 Nb6 27. Rxa6 Nc4 28. Qc1 Rxb2 29. Ra7 Qb8 30. Ra6 Qb5 31. Ra1 Qb3 32. Bf1 Bxc3 33. Rd3 Rxf2 34. Qxc3 Qb6 35. Qd4 Rb2 36. Qxb6 Rxb6 37. Rc3 d5 38. exd5 exd5 39. Bg2 Rd6 40. Rd1 d4 41. Rcc1 g6 42. Rd3 Nb6 43. Rxc8+ Nxc8 44. Kf2 Nb6 45. Bf1 Na4 46. Ra3 Nc5 47. Bd3 Kg7 48. h3 Re6 49. Be2 Ne4+ 50. Kf3 Nc3 51. Bc4 Re3+ 52. Kg2 d3 53. Rxc3 d2 54. Rxe3 d1Q 55. Bf1 Qd5+ 56. Kf2 Qd2+ 57. Re2 Qd4+ 58. Kg2 h6 59. Re5 Qd2+ 60. Re2 Qd5+ 61. Kg1 Qf3 62. Rg2 Qe3+ 63. Kh2 Qe1 64. Be2 g5 65. fxg5 hxg5 66. Bg4 Kg6 67. Rg1 Qf2+ 68. Rg2 Qf1 69. Rg1 Qc4 70. Rg2 f5 71. Be2 Qd4 72. Bf3 Qe3 73. Bc6 f4 74. gxf4 Qxf4+ 75. Rg3 Kh5 76. Kg2 Qd2+ 77. Kg1 Qc1+ 78. Kh2 Qxc6 79. Rg4 Qf3 80. Rg2 Qf1 81. Rg4 Qf2+ 82. Rg2 Qf4+ 83. Kh1 Qc1+ 84. Kh2 Qc7+ 85. Rg3 Kh4 86. Kh1 Kxg3 0-1

[Event "LTU-ch (Women)"]
[Site "Vilnius"]
[Date "2009.05.02"]
[Round "3"]
[White "Laurusaite, Brigita"]
[Black "Kalvyte, Vesta"]
[Result "1/2-1/2"]
[WhiteElo "2055"]
[BlackElo "2043"]
[PlyCount "96"]
[EventDate "2009.05.02"]
[EventType "tourn"]
[EventRounds "9"]
[EventCountry "LTU"]
[SourceTitle "EXT 2024"]
[Source "ChessBase"]
[SourceDate "2023.10.10"]
[SourceVersion "1"]
[SourceVersionDate "2023.10.10"]
[SourceQuality "1"]

1. e4 c5 2. Nf3 e6 3. d4 cxd4 4. Nxd4 Nc6 5. Nxc6 bxc6 6. Bd3 Nf6 7. Nd2 d5 8. Qe2 Be7 9. 0-0 0-0 10. b3 Nd7 11. exd5 cxd5 12. Bb2 Nc5 13. Bb5 Bb7 14. Qe3 Rc8 15. Be2 a5 16. c4 Bf6 17. Bxf6 Qxf6 18. cxd5 Bxd5 19. f3 e5 20. Nc4 Bxc4 21. Bxc4 Rfe8 22. Rac1 Ne6 23. Bxe6 Qxe6 24. Rfd1 Rxc1 25. Rxc1 f6 26. Qc5 e4 27. fxe4 Qxe4 28. Qc4+ Qxc4 29. Rxc4 Re2 30. Ra4 Re5 31. Kf2 Kf7 32. Rc4 f5 33. h4 Kg6 34. Kf3 Rd5 35. g3 Kh5 36. Rc7 Kh6 37. Ra7 Kg6 38. h5+ Kh6 39. Rb7 g5 40. hxg6 hxg6 41. a4 Kg5 42. Rb6 Rd3+ 43. Kf2 Rd2+ 44. Ke3 Rg2 45. Kf3 Rc2 46. Ke3 Rc3+ 47. Kf2 Kh5 48. b4 axb4 1/2-1/2

[Event "LTU-chT 4th 0809"]
[Site "Lithuania"]
[Date "2009.03.15"]
[Round "9.45"]
[White "Joffe, Roza"]
[Black "Kalvyte, Vesta"]
[Result "0-1"]
[WhiteElo "2043"]
[BlackElo "1981"]
[PlyCount "104"]
[EventDate "2008.11.08"]
[EventType "team"]
[EventRounds "9"]
[EventCountry "LTU"]
[SourceTitle "EXT 2024"]
[Source "ChessBase"]
[SourceDate "2023.10.10"]
[SourceVersion "1"]
[SourceVersionDate "2023.10.10"]
[SourceQuality "1"]

1. d4 Nf6 2. c4 c5 3. d5 e6 4. Nc3 exd5 5. Nxd5 Nxd5 6. Qxd5 d6 7. Nf3 Nc6 8. Ng5 Qf6 9. Ne4 Qd4 10. Qxd4 Nxd4 11. Kd2 Be6 12. e3 Nc6 13. Nc3 0-0-0 14. Be2 f5 15. Rd1 g6 16. Ke1 Bg7 17. Bd2 Ne7 18. Rac1 b6 19. Kf1 Kb8 20. Be1 d5 21. cxd5 Nxd5 22. a3 Nxc3 23. Bxc3 Bxc3 24. Rxc3 Rxd1+ 25. Bxd1 Rd8 26. Ke1 Bd5 27. Rd3 Kc7 28. g3 a5 29. Kd2 b5 30. Be2 Rd6 31. Kc3 b4+ 32. Kd2 Kc6 33. h3 Rf6 34. Kc1 g5 35. Kd2 Bg2 36. h4 gxh4 37. gxh4 Rh6 38. h5 Bd5 39. Kc1 Rf6 40. Rd2 Rf8 41. Bb5+ Kxb5 42. Rxd5 Rf7 43. Kd2 Kc4 44. Rd6 Kb3 45. Kc1 bxa3 46. Rd3+ Kb4 47. Rxa3 c4 48. Kc2 Rg7 49. Ra1 Rg2 50. Rf1 Rh2 51. Kc1 Kb3 52. h6 Rxh6 0-1

[Event "LTU-ch sf (Women)"]
[Site "Vilnius"]
[Date "2009.02.16"]
[Round "5"]
[White "Savickiene, Viktorija"]
[Black "Kalvyte, Vesta"]
[Result "1/2-1/2"]
[WhiteElo "2051"]
[BlackElo "1981"]
[PlyCount "101"]
[EventDate "2009.02.13"]
[EventType "swiss"]
[EventRounds "7"]
[EventCountry "LTU"]
[SourceTitle "CBM 128 Extra"]
[Source "ChessBase"]
[SourceDate "2009.03.05"]
[SourceVersion "2"]
[SourceVersionDate "2009.03.25"]
[SourceQuality "1"]

1. Nf3 Nf6 2. c4 c5 3. g3 e6 4. Bg2 Be7 5. 0-0 0-0 6. d4 cxd4 7. Nxd4 a6 8. b3 Nc6 9. Bb2 Qc7 10. e4 d6 11. Qe2 Bd7 12. Nc2 Rab8 13. Nd2 b5 14. Rac1 Qa5 15. Ne3 Rfc8 16. Rfd1 b4 17. Rc2 Qc5 18. Ndf1 a5 19. Kh1 Be8 20. f4 a4 21. Rcd2 axb3 22. axb3 Rd8 23. Ng4 e5 24. Nfe3 g6 25. Nxf6+ Bxf6 26. Ng4 Be7 27. Rd5 Qb6 28. fxe5 dxe5 29. Nxe5 Nxe5 30. Bxe5 Ra8 31. Bd4 Qe6 32. Rf1 Qa6 33. Qe3 Bf8 34. Bb2 Rxd5 35. exd5 Bg7 36. Bxg7 Kxg7 37. Qd4+ Kg8 38. d6 Rd8 39. c5 Bc6 40. Qf4 Bxg2+ 41. Kxg2 Qa2+ 42. Rf2 Qxb3 43. Qf6 Rd7 44. Qf3 Qc4 45. Qa8+ Kg7 46. Qc6 Qe6 47. Qb5 b3 48. Qd3 Qe5 49. Qxb3 Qxc5 50. Qb2+ Kf8 51. Re2 1/2-1/2

[Event "LTU-ch sf (Women)"]
[Site "Vilnius"]
[Date "2008.01.28"]
[Round "1"]
[White "Kalvyte, Vesta"]
[Black "Juciute, Einora"]
[Result "1-0"]
[WhiteElo "1981"]
[BlackElo "1792"]
[PlyCount "67"]
[EventDate "2008.01.28"]
[EventType "swiss"]
[EventRounds "7"]
[EventCountry "LTU"]
[SourceTitle "EXT 2010"]
[Source "ChessBase"]
[SourceDate "2010.11.25"]
[SourceVersion "1"]
[SourceVersionDate "2010.11.25"]
[SourceQuality "1"]

1. e4 c5 2. Nf3 e6 3. d4 cxd4 4. Nxd4 Nc6 5. Nc3 a6 6. Be2 Qc7 7. 0-0 Nf6 8. Kh1 Bb4 9. Qd3 Bxc3 10. bxc3 d5 11. exd5 Nxd5 12. Nxc6 Qxc6 13. c4 Ne7 14. Ba3 Qc7 15. Rfd1 f6 16. Bd6 Qd7 17. Bh5+ g6 18. Bg4 Nf5 19. Bxf5 gxf5 20. c5 Rg8 21. Qf3 Qg7 22. h3 e5 23. Rab1 e4 24. Qh5+ Qg6 25. Qxg6+ hxg6 26. Rb6 Rg7 27. Bf4 g5 28. Bc1 Bd7 29. Rxb7 Rc8 30. Ba3 Rc6 31. Rb8+ Ke7 32. Rd6 Rf7 33. Rb7 Ke8 34. Rbxd7 1-0